000
00289nam a22001337a 4500
008
210303b ||||| |||| 00| 0 eng d
041
_a
eng
080
_a
615
082
_a
615
100
_a
5
101
_a
FAR
245
_a
Medical School Pharmacology
_c
Rosenfeld, G
942
_2
udc
_c
BK
999
_c
55583
_d
55583